The dream police : selected poems, 1969-1993 /

محفوظ في:
التفاصيل البيبلوغرافية
المؤلف الرئيسي: Cooper, Dennis (مؤلف)
التنسيق: كتاب
اللغة:الإنجليزية
منشور في: New York : Grove Press, c1995
الوسوم: إضافة وسم
لا توجد وسوم, كن أول من يضع وسما على هذه التسجيلة!

MARC

LEADER 00000nam a22000007i 4500
001 IT\ICCU\UBO\2257088
003 ItRI
005 20260115231821.0
008 030725s1995 xxu|||||| ||||| |||||c
020 |a 0802134572 (pbk) 
040 |b ita  |c importazione bologna sebina 
041 7 |a eng  |2 ISO-639-2 
100 1 |a Cooper, Dennis  |0 IT\ICCU\LO1V\161105  |4 aut 
245 1 4 |a The dream police :  |b selected poems, 1969-1993 /  |c Dennis Cooper. 
260 |a New York :  |b Grove Press,  |c c1995 
300 |a 134 p. ;  |c 21 cm. 
942 |2 ddc  |c BK  |n 0 
952 |0 0  |1 0  |4 0  |6 DOC_811_540000000000000_COO  |7 0  |9 13461  |a BO  |b BO  |d 2026-01-15  |i 7511  |l 0  |o DOC 811.54 COO  |p BO7511  |r 2026-01-15 23:18:21  |w 2026-01-15  |x [Sebina 5] [1 v.]  |y BK  |z 1 v. 
999 |c 11569  |d 11569